| 000 | 02603cam a22003013 4500 | ||
|---|---|---|---|
| 001 | FRBNF435421250000001 | ||
| 003 | http://catalogue.bnf.fr/ark:/12148/cb43542125p | ||
| 005 | 20231019144529.0 | ||
| 007 | ta | ||
| 008 | 250321s2013 enk||||| |||| 00| 0 eng d | ||
| 010 |
_a9781848135680 _bhb _bZed Books |
||
| 020 | _a9781848135673 | ||
| 035 | _aOCoLC826453486 | ||
| 040 |
_aspa _cBJBSDDR _bspa |
||
| 041 | _aeng | ||
| 050 | 1 | 4 |
_bHF 1385 _aB946l 2013 |
| 100 | 1 |
_aBurbach, Roger, _915425 _d1944- |
|
| 245 | 1 |
_aLatin America's turbulent transitions : _bthe future of twenty-first century socialism / _cRoger Burbach; Michael Fox, (Journalist); Federico Fuentes. |
|
| 260 |
_aLondon ; New York : _bZed Books, _c2013. |
||
| 300 |
_a208 p.: _bill.; _c22 cm |
||
| 505 | _aIntroduction: turbulent transitions and the specter of socialism -- Globalization, neoliberalism, and the rise of the social movements -- The pink tide and the challenge to US hegemony -- Between neo-extractivism and twenty-first-century socialism -- Venezuela's twenty-first-century socialism -- Bolivia's communitarian socialism -- Ecuador's buen vivir socialism (by March Becker) -- Brazil: between challenging hegemony and embracing it -- Cuba: 'updating' twentieth-century socialism? -- Conclusion: socialism and the long Latin American spring. | ||
| 520 | _a"Over the past few years, something remarkable has occurred in Latin America. For the first time since the Sandinista Revolution in Nicaragua in the 1980s, people within the region have turned toward radical left governments - specifically in Venezuela, Bolivia, and Ecuador. Why has this profound shift taken place and how does this new, so-called Twenty-First-Century Socialism actually manifest itself? What are we to make of the often fraught relationship between the social movements and governments in these countries and do, in fact, the latter even qualify as 'socialist' in reality? These are the bold and critical questions that Latin America's Turbulent Transitions explores. The authors provocatively argue that although US hegemony in the region is on the wane, the traditional socialist project is also declining and something new is emerging. Going beyond simple conceptions of 'the left', the book reveals the true underpinnings of this powerful, transformative, and yet also complicated and contradictory process."--Publisher's website. | ||
| 650 | 4 |
_96711 _aSocialismo _zAmérica Latina _xHistoria |
|
| 700 | 1 |
_a Fox, Michael, _915426 _d1961- |
|
| 700 | 1 |
_a Fuentes, Federico. _915428 |
|
| 930 |
_a2013-340322 _dO |
||
| 942 |
_2lcc _cBK |
||
| 999 |
_c115102 _d115102 |
||